| 000 | 00790nam a22002177a 4500 | ||
|---|---|---|---|
| 005 | 20250828161310.0 | ||
| 008 | 250828b |||||||| |||| 00| 0 eng d | ||
| 020 | _a978-93-82716-24-2 (pbk) | ||
| 037 | _cTB | ||
| 040 |
_aCRL _cCRL |
||
| 041 |
_2hin _ahin |
||
| 084 |
_aQ127:25 152Q8 _qCRL |
||
| 245 | _aश्री ईशोपनिषद | ||
| 260 |
_aमुंबई, भारत: _bभक्ति वेदान्त बुक ट्रस्ट, _c2018. |
||
| 300 | _a134पृ. | ||
| 365 |
_b135.00 _cINR |
||
| 650 |
_aईशोपनिषद _9819240 |
||
| 650 | _aधर्म | ||
| 942 |
_2CC _cTB _hQ127:25 152Q8 _n0 |
||
| 999 |
_c1434954 _d1434954 |
||